00338nam a2200109Ia 4500008004100000082001900041100002100060245002000081260006300101630001800164650004600182211109s9999||||xx |||||||||||||| ||und|| a894.812bPOT-K aPottakkadu S K,  0aKaddu Chempakam bNava Kerala Co-Operative Publishing HouseaKozhikoduc1900 xGENERAL STACK aMalayalam LiteraturevLiteratureGeneralia